00363nam a22001097a 4500008004100000050001300041245008500054260005400139300001700193700001900210700002400229160908b xxu||||| |||| 00| 0 eng d a200/2008 aHouse Sales and Rentals Management SystemcAyela Louis A. and John K. Allouyses aAccra:bWiscosin International University,c2008. aVarious pgs. aAyela Louis A aAllouyses K. John